[Event "Izhevsk Corporation Cup 6th"]
[Site "Izhevsk"]
[Date "2014.07.16"]
[Round "5"]
[White "Bazhenov, Viktor Mikhailovich"]
[Black "Ivanov, Nikolay A"]
[Result "1-0"]
[WhiteElo "2077"]
[BlackElo "1960"]
[PlyCount "91"]
[EventDate "2014.07.12"]
[EventType "swiss"]
[EventRounds "9"]
[EventCountry "RUS"]
[SourceTitle "CBM 161 Extra"]
[Source "ChessBase"]
[SourceDate "2014.08.29"]
[SourceVersion "1"]
[SourceVersionDate "2014.08.29"]
[SourceQuality "1"]

1. e4 c5 2. Nf3 e6 3. d4 cxd4 4. Nxd4 Nf6 5. Qd3 Nc6 6. a3 Qb6 7. Nb3 Ne5 8. Qg3 Nxe4 9. Qxe5 Qxf2+ 10. Kd1 f5 11. Nc3 d6 12. Nxe4 Qxf1+ 13. Rxf1 dxe5 14. Nc3 Bd7 15. Be3 Bc6 16. g3 b6 17. Ke2 Be7 18. Nd2 0-0 19. a4 Bb4 20. Nb5 Kf7 21. Nf3 Bxf3+ 22. Kxf3 Rfc8 23. c3 Bc5 24. Rfd1 Kf6 25. Rd7 a6 26. Nc7 Rd8 27. Rad1 Rxd7 28. Rxd7 Rc8 29. Bxc5 bxc5 30. Nxa6 e4+ 31. Ke3 g5 32. Rxh7 Ke5 33. Rh5 Rc6 34. Nb8 Rc8 35. Nd7+ Kd6 36. Nb6 Rg8 37. a5 Rg7 38. Rh8 Ke5 39. Nc4+ Kd5 40. b3 Rb7 41. Rd8+ Kc6 42. Rd6+ Kc7 43. Rb6 Ra7 44. Rxe6 Ra8 45. Re5 Rd8 46. Rxc5+ 1-0

[Event "Anapa op"]
[Site "Anapa"]
[Date "2012.09.02"]
[Round "3"]
[White "Usachev, Nikita"]
[Black "Bazhenov, Viktor Mikhailovich"]
[Result "0-1"]
[WhiteElo "1642"]
[BlackElo "2017"]
[PlyCount "62"]
[EventDate "2012.08.30"]
[EventType "swiss"]
[EventRounds "9"]
[EventCountry "RUS"]
[SourceTitle "CBM 150 Extra"]
[Source "ChessBase"]
[SourceDate "2012.10.19"]
[SourceVersion "1"]
[SourceVersionDate "2012.10.19"]
[SourceQuality "1"]

1. d4 d5 2. Bf4 Nf6 3. Nf3 e6 4. e3 Be7 5. c4 c6 6. Nc3 0-0 7. Be2 Nbd7 8. Ne5 Nxe5 9. Bxe5 dxc4 10. Bxc4 b5 11. Bd3 Bb7 12. 0-0 a6 13. Qc2 g6 14. Rad1 Rc8 15. a3 Qb6 16. Ne4 Nxe4 17. Bxe4 Rfd8 18. Qe2 f6 19. Bf4 Rd7 20. Bh6 Kf7 21. f4 Rcd8 22. g4 c5 23. Bxb7 Qxb7 24. dxc5 Bxc5 25. Rxd7+ Rxd7 26. Rc1 Bb6 27. Kf2 Qe4 28. Rc8 Rd3 29. f5 g5 30. Rc7+ Bxc7 31. fxe6+ Kxe6 0-1

[Event "Izhevsk Udmurtia-ch"]
[Site "Izhevsk"]
[Date "2011.12.03"]
[Round "3"]
[White "Korotkov, Mikhail"]
[Black "Bazhenov, Viktor Mikhailovich"]
[Result "1-0"]
[WhiteElo "1946"]
[BlackElo "2060"]
[PlyCount "122"]
[EventDate "2011.12.02"]
[EventType "swiss"]
[EventRounds "11"]
[EventCountry "RUS"]
[SourceTitle "CBM 146 Extra"]
[Source "ChessBase"]
[SourceDate "2012.02.29"]
[SourceVersion "1"]
[SourceVersionDate "2012.02.29"]
[SourceQuality "1"]

1. e4 c5 2. Nf3 e6 3. d4 cxd4 4. Nxd4 a6 5. c4 Nc6 6. Nc3 Bb4 7. Be3 Nf6 8. f3 0-0 9. Be2 Qa5 10. Qc2 d5 11. Nxc6 bxc6 12. 0-0 Bxc3 13. bxc3 dxe4 14. fxe4 e5 15. Rab1 Be6 16. Bb6 Qa3 17. c5 Nd7 18. Rb4 Nxb6 19. cxb6 a5 20. Rb2 Qc5+ 21. Kh1 Rfb8 22. Rfb1 Rb7 23. Qd2 f6 24. c4 Kf7 25. Rb3 Rab8 26. Qb2 Rd8 27. Rd3 Rxd3 28. Bxd3 Bc8 29. h3 Rd7 30. Be2 Bb7 31. Rd1 Rxd1+ 32. Bxd1 Ke7 33. Be2 Qe3 34. Bf3 Kd6 35. Kh2 Kc5 36. Be2 a4 37. a3 Qb3 38. Qd2 Kxb6 39. Qd8+ Kc5 40. Qa5+ Kd4 41. Qd2+ Kxe4 42. Bf3+ Kf5 43. Qd7+ Kf4 44. Qxg7 Ke3 45. Qxf6 Qb2 46. Qe7 Kd4 47. c5 h6 48. h4 Kc4 49. h5 Qd4 50. Be2+ Kc3 51. Qxb7 Qh4+ 52. Kg1 Qe1+ 53. Bf1 Qe3+ 54. Kh1 Qxc5 55. Qb1 e4 56. Qd1 Qe3 57. Qb1 c5 58. Qa2 Qd4 59. Qa1+ Kc2 60. Qa2+ Kc3 61. g4 e3 1-0

[Event "Izhevsk-ch"]
[Site "Izhevsk"]
[Date "2010.02.13"]
[Round "2"]
[White "Bazhenov, Viktor Mikhailovich"]
[Black "Shulepov, Oleg"]
[Result "1-0"]
[WhiteElo "1936"]
[BlackElo "1792"]
[PlyCount "47"]
[EventDate "2010.02.12"]
[EventType "swiss"]
[EventRounds "9"]
[EventCountry "RUS"]
[SourceTitle "EXT 2012"]
[Source "ChessBase"]
[SourceDate "2011.11.24"]
[SourceVersion "1"]
[SourceVersionDate "2011.11.24"]
[SourceQuality "1"]

1. e4 d6 2. d4 Nf6 3. Bd3 g6 4. Nf3 Bg7 5. c4 0-0 6. Nc3 Nbd7 7. 0-0 c5 8. d5 Ng4 9. Qe2 Nge5 10. Nxe5 Nxe5 11. Bc2 a6 12. h3 Rb8 13. a4 f5 14. f4 Nf7 15. exf5 gxf5 16. Re1 Re8 17. Qh5 Nh6 18. g4 fxg4 19. f5 Bd4+ 20. Kh1 Nf7 21. f6 Bxf6 22. Bxh7+ Kf8 23. Qg6 e5 24. Rf1 1-0

[Event "Izhevsk Kupol CC-ch"]
[Site "Izhevsk"]
[Date "2010.02.02"]
[Round "10"]
[White "Bazhenov, Viktor Mikhailovich"]
[Black "Baranov, Sergei"]
[Result "0-1"]
[WhiteElo "1936"]
[BlackElo "2067"]
[PlyCount "28"]
[EventDate "2010.01.12"]
[EventType "tourn"]
[EventRounds "11"]
[EventCountry "RUS"]
[SourceTitle "EXT 2012"]
[Source "ChessBase"]
[SourceDate "2011.11.24"]
[SourceVersion "1"]
[SourceVersionDate "2011.11.24"]
[SourceQuality "1"]

1. e4 Nf6 2. e5 Nd5 3. d4 d6 4. Nf3 Bg4 5. h3 Bh5 6. c4 Nb6 7. Nc3 dxe5 8. g4 exd4 9. Nb5 Bg6 10. Bf4 Na6 11. Qe2 d3 12. Qe5 Nxc4 13. Qc3 Qd5 14. Nbd4 e5 0-1

[Event "Izhevsk Kupol CC-ch"]
[Site "Izhevsk"]
[Date "2010.01.14"]
[Round "2"]
[White "Ivanov, Nikolay A"]
[Black "Bazhenov, Viktor Mikhailovich"]
[Result "0-1"]
[WhiteElo "1978"]
[BlackElo "1936"]
[PlyCount "54"]
[EventDate "2010.01.12"]
[EventType "tourn"]
[EventRounds "11"]
[EventCountry "RUS"]
[SourceTitle "EXT 2012"]
[Source "ChessBase"]
[SourceDate "2011.11.24"]
[SourceVersion "1"]
[SourceVersionDate "2011.11.24"]
[SourceQuality "1"]

1. Nf3 Nf6 2. c4 b6 3. g3 Bb7 4. Bg2 g6 5. Nc3 Bg7 6. d4 0-0 7. 0-0 d6 8. b3 c5 9. Bb2 cxd4 10. Nxd4 Bxg2 11. Kxg2 d5 12. cxd5 Nxd5 13. e3 Na6 14. Nxd5 Qxd5+ 15. Kg1 Nc5 16. Ba3 Ne4 17. Rc1 Ng5 18. h4 Ne4 19. Nc6 Qe6 20. Nxe7+ Kh8 21. Kg2 Rfd8 22. Qe2 Rd2 23. Qc4 Qg4 24. Kg1 Be5 25. Rc2 Bxg3 26. Rxd2 Bxf2+ 27. Kh2 Qg3+ 0-1